000 01524nam a22003137a 4500
999 _c44736
_d44736
001 18279
003 CO-MdFUSB
005 20240618062713.0
008 180206t1995 xxu||||| |||| 00| 0 spa d
020 _a1-56063-847-8
040 _aCO-MdFUSB
_bspa
_cCO-MdFUSB
_dCO-MdFUSBC
_erda
041 0 _aspa
041 0 _aspa
_heng
082 0 4 _aG 226.6 W1321i
100 1 _aWagner , Peter
_eautor
245 1 0 _aIluminando el mundo
_b : una nueva mirada al libro de los Hechos llevando el evangelio a toda nación y a todo pueblo
_c / C. Peter Wagner ; traducción por : Guillermo Vázquez
264 4 _aMiami , Florida :
_b Unilit,
_c©1995
300 _a255 p.
_b:
_c;
336 _2rdacontent
_atexto
_btxt
337 _2rdamedia
_asin mediación
_bn
338 _2rdacarrier
_avolumen
_bnc
500 _aTítulo original en inglés : Lighting the World
501 _arústico
505 0 0 _aCronología de los Hechos -- Conozca a Pablo, el más grande misionero de todos los tiempos: Hechos 9 -- Pedro abre el camino a los gentiles: Hechos 9,10 y 11, 55 -- el establecimiento de la primera iglesia gentil -- El poder de Herodes versus el poder de la oración : Hechos 12 - Avance hacia las naciones : Hechos 13 -- La expansión del reino de Dios irrita al enemigo : Hechos 15 - Resolviendo conflictos en una iglesia multicultural : Gálatas -- El famoso concilio de Jerusalén : Hechos 15
650 0 _aMisiones
_9154
650 0 _aEvangelización
_9362
653 _aBiblia N.T. - Hechos de los apóstoles
942 _cBK